000 00722nam a2200241Ia 4500
003 OSt
005 20220928104412.0
006 a|||||r|||| 00| 0
007 ta
008 220927b |||||||| |||| 00| 0 eng d
024 _a40231
037 _cTextual
040 _aSDCL
_cSDCL
_beng
041 _2eng
_aeng
082 _aS:843:f, M6
100 _aFairweather George W
_9410276
245 0 _aIntroduction to community experimentation
_b Theory, methods and practice.
260 _aNew York
_b McGraw-Hill
_c1986
300 _a280p.
_ccm.
700 _a Davidson William S
_9410277
942 _hS:843:f, M6
_cTEXL
_2CC
999 _c725888
_d725888